00985nam a2200181Ia 4500008004100000082001600041100001500057245002700072260003100099300000800130650001800138942001200156999001500168952015500183952015500338952015500493952015500648191201s2019 xx 000 0 und d a615.103 GUD aGUPTA, L.C 0aDictionary of Pharmacy bAITBS PubaNew Delhic2019 a334 aMiscellaneous 2ddccBK c8208d8208 00102ddc40708DPaPIETbPIETcR04d2019-03-25eKirti Prakashang210.00kIN 3049l0o615.103 GUDpDP52r2019-12-04 00:00:00v136.50w2019-03-08yREF 00102ddc40708DPaPIETbPIETcR04d2019-03-25eKirti Prakashang210.00kIN 3049l0o615.103 GUDpDP53r2019-12-04 00:00:00v136.50w2019-03-08yREF 00102ddc40708DPaPIETbPIETcR04d2019-03-25eKirti Prakashang210.00kIN 3049l0o615.103 GUDpDP54r2019-12-04 00:00:00v136.50w2019-03-08yREF 00102ddc40708DPaPIETbPIETcR04d2019-03-25eKirti Prakashang210.00kIN 3049l0o615.103 GUDpDP55r2019-12-04 00:00:00v136.50w2019-03-08yREF